Power Rangers - Statistics

General Stats
  • This quiz has been taken 671 times
  • The average score is 52 of 103
Answer Stats
Hint Answer % Correct
Jason
92%
Tommy
89%
Z
89%
Kimberly
84%
Billy
83%
Trini
83%
Zack
80%
Kat
76%
Rocky
74%
Adam
72%
Aisha
67%
TJ
67%
Mike
64%
Andros
62%
Jack
61%
Sky
60%
Bridge
57%
Jayden
57%
Troy
57%
Wes
57%
Ashley
56%
Cassie
56%
Mia
56%
Justin
55%
Cole
54%
Kevin
54%
Shane
54%
Carlos
53%
Carter
53%
Emily
53%
Emma
53%
Jen
53%
Kira
53%
Leo
53%
Syd
53%
Tori
53%
Dustin
52%
Antonio
51%
Blake
51%
Ethan
51%
Jake
51%
Nick
51%
Gia
50%
Hunter
50%
Trent
50%
Cam
49%
Danny
49%
Eric
49%
Kendrix
49%
Max
49%
Casey
48%
Maya
48%
Noah
48%
Sam
48%
Tanya
48%
Trip
48%
Kai
47%
Mack
47%
Taylor
47%
Damon
46%
Lily
46%
RJ
45%
Theo
45%
Zhane
45%
Karone
44%
Lucas
44%
Orion
44%
Summer
44%
Vida
44%
Ziggy
44%
Alyssa
43%
Chip
43%
Dana
43%
Gem
43%
Gemma
43%
Katie
43%
Merrick
43%
Scott
43%
Connor
42%
Delphine
42%
Joel
42%
Ryan
42%
Will
42%
Aurico
41%
Dax
41%
Dillon
41%
Dom
40%
Flynn
40%
Rose
40%
Chad
39%
Kelsey
37%
Ronny
37%
Tyzonn
33%
Cestro
32%
Trey
32%
Tideus
31%
Udonna
31%
Corcus
30%
Cruger
23%
Maddison
21%
Phantom Ranger
19%
No matching quizzes found
Score Distribution
Percent of People with Each Score
Percentile by Number Answered
Your Score History
You have not taken this quiz